MARC details
| 000 -LEADER |
| fixed length control field |
00944pam a2200265 a 4500 |
| 001 - CONTROL NUMBER |
| control field |
1425782 |
| 005 - DATE AND TIME OF LATEST TRANSACTION |
| control field |
20231205001015.0 |
| 008 - FIXED-LENGTH DATA ELEMENTS--GENERAL INFORMATION |
| fixed length control field |
850102s1985 enk b 001 0 eng |
| 020 ## - INTERNATIONAL STANDARD BOOK NUMBER |
| ISBN |
0521307473 |
| 020 ## - INTERNATIONAL STANDARD BOOK NUMBER |
| ISBN |
0521314828 (pbk.) |
| 040 ## - CATALOGING SOURCE (பட்டியலாக்க மூலம்) |
| Original cataloging agency |
DLC |
| Transcribing agency |
DLC |
| Modifying agency |
DLC |
| 082 00 - DDC Classification |
| Class No. |
305.2/0967 |
| DDC Edition Number |
19 |
| Item Number - Author Mark |
BER. |
| 100 1# - MAIN ENTRY--PERSONAL NAME |
| Personal name |
Bernardi, Bernardo. |
| 245 10 - TITLE STATEMENT |
| Title |
Age class systems : |
| Remainder of title |
social institutions and polities based on age / |
| Statement of responsibility, etc. |
Bernardo Bernardi ; translated from the Italian by David I. Kertzer. |
| 260 ## - PUBLICATION, DISTRIBUTION, ETC. |
| Place of publication, distribution, etc. |
Cambridge [Cambridgeshire] ; |
| -- |
New York : |
| Name of publisher, distributor, etc. |
Cambridge University Press, |
| Date of publication, distribution, etc. |
1985. |
| 300 ## - PHYSICAL DESCRIPTION |
| Extent (e.g. Volumes, Pages etc.) |
xv, 191 p. ; |
| 490 1# - SERIES STATEMENT |
| Series statement |
Cambridge studies in social anthropology ; |
| 500 ## - GENERAL NOTE |
| General note |
Includes index. |
| 650 #0 - SUBJECT ADDED ENTRY--TOPICAL TERM |
| Topical term or geographic name entry element |
Age groups. |
| 650 #0 - SUBJECT ADDED ENTRY--TOPICAL TERM |
| Topical term or geographic name entry element |
Ethnology |
| 650 #0 - SUBJECT ADDED ENTRY--TOPICAL TERM |
| Topical term or geographic name entry element |
Social structure. |
| 856 42 - ELECTRONIC LOCATION AND ACCESS |
| Uniform Resource Identifier |
<a href="http://www.loc.gov/catdir/description/cam031/84029394.html">http://www.loc.gov/catdir/description/cam031/84029394.html</a> |
| 856 41 - ELECTRONIC LOCATION AND ACCESS |
| Uniform Resource Identifier |
<a href="http://www.loc.gov/catdir/enhancements/fy0803/84029394-t.html">http://www.loc.gov/catdir/enhancements/fy0803/84029394-t.html</a> |
| 942 ## - Koha item type (Biblio) |
| Koha item type |
Books in Stacks (Lending) |